25 largest cities by letter - B - Statistics

General Stats
  • This quiz has been taken 153 times
    151 since last reset
  • The average score is 18 of 25
Answer Stats
Country Population City % Correct
Argentina 13,076,300 Buenos Aires
100%
Iraq 7,216,000 Baghdad
99%
Germany 3,426,354 Berlin
98%
Colombia 7,674,366 Bogota
98%
Thailand 5,104,476 Bangkok
97%
Romania 1,877,155 Bucharest
97%
China 11,716,620 Beijing
96%
Lebanon 1,916,100 Beirut
96%
Hungary 1,741,041 Budapest
96%
Spain 1,621,537 Barcelona
92%
Brazil 2,207,718 Brasilia
91%
Australia 2,189,878 Brisbane
91%
South Korea 3,678,555 Busan
81%
Brazil 2,373,224 Belo Horizonte
80%
India 5,104,047 Bangalore
78%
Mali 1,297,281 Bamako
77%
Indonesia 1,699,719 Bandung
59%
Colombia 1,380,425 Barranquilla
56%
Turkey 1,412,701 Bursa
54%
Brazil 1,407,737 Belem
52%
India 1,599,914 Bhopal
36%
Iraq 2,600,000 Basrah
25%
China 1,301,768 Baotou
14%
Indonesia 1,520,119 Bekasi
9%
China 1,760,000 Bayan Nur
2%
No matching quizzes found
Score Distribution
Percent of People with Each Score
Percentile by Number Answered
Your Score History
You have not taken this quiz since the last reset